[Event "April 9 Early 2024"]
[Site "Chess.com"]
[Date "2024.04.09"]
[Round "7"]
[White "Bogaudinov, Rushan"]
[Black "Hua, Lefong"]
[Result "1-0"]
[Board "98"]
[WhiteFideId "4129288"]
[BlackFideId "2602253"]
[WhiteTitle "FM"]
[BlackTitle "FM"]
[WhiteElo "2462"]
[BlackElo "2616"]
[WhiteTeam "RUS"]
[BlackTeam "CAN"]
[WhiteClock "0:00:05"]
[BlackClock "0:00:05"]
[Variant "Standard"]

1. d4 {[%clk 0:03:00]}  Nf6 {[%clk 0:02:59]} 2. Nf3 {[%clk 0:03:00]}  g6 {[%clk 0:02:58]} 3. g3 {[%clk 0:03:00]}  Bg7 {[%clk 0:02:58]} 4. Bg2 {[%clk 0:03:00]}  O-O {[%clk 0:02:59]} 5. O-O {[%clk 0:03:01]}  c5 {[%clk 0:02:59]} 6. c3 {[%clk 0:02:57]}  d6 {[%clk 0:02:59]} 7. Bg5 {[%clk 0:02:55]}  Nc6 {[%clk 0:02:54]} 8. Nbd2 {[%clk 0:02:40]}  cxd4 {[%clk 0:02:48]} 9. cxd4 {[%clk 0:02:40]}  h6 {[%clk 0:02:48]} 10. Bxf6 {[%clk 0:02:35]}  Bxf6 {[%clk 0:02:49]} 11. Ne4 {[%clk 0:02:34]}  Bg7 {[%clk 0:02:48]} 12. Rc1 {[%clk 0:02:29]}  Bf5 {[%clk 0:02:45]} 13. Nc3 {[%clk 0:02:29]}  Rc8 {[%clk 0:02:43]} 14. h3 {[%clk 0:02:21]}  Qa5 {[%clk 0:02:36]} 15. g4 {[%clk 0:02:16]}  Bd7 {[%clk 0:02:35]} 16. e3 {[%clk 0:02:05]}  Rfe8 {[%clk 0:02:22]} 17. Qb3 {[%clk 0:02:02]}  Qb4 {[%clk 0:02:16]} 18. Nd2 {[%clk 0:01:58]}  Qxb3 {[%clk 0:02:14]} 19. Nxb3 {[%clk 0:01:53]}  a6 {[%clk 0:02:14]} 20. Nd5 {[%clk 0:01:50]}  Be6 {[%clk 0:01:17]} 21. Nb6 {[%clk 0:01:41]}  Bxb3 {[%clk 0:01:17]} 22. Nxc8 {[%clk 0:01:37]}  Bxa2 {[%clk 0:01:17]} 23. Bxc6 {[%clk 0:01:27]}  bxc6 {[%clk 0:01:17]} 24. Rxc6 {[%clk 0:01:26]}  Bd5 {[%clk 0:01:17]} 25. Rc7 {[%clk 0:01:26]}  Be6 {[%clk 0:01:11]} 26. Nxe7+ {[%clk 0:01:22]}  Kf8 {[%clk 0:01:09]} 27. Nc6 {[%clk 0:01:15]}  h5 {[%clk 0:01:09]} 28. f3 {[%clk 0:01:11]}  Bc4 {[%clk 0:01:02]} 29. Re1 {[%clk 0:01:03]}  Bb5 {[%clk 0:01:00]} 30. Na7 {[%clk 0:00:59]}  Bxd4 {[%clk 0:00:53]} 31. Nxb5 {[%clk 0:00:45]}  axb5 {[%clk 0:00:54]} 32. Kf2 {[%clk 0:00:43]}  Bc5 {[%clk 0:00:53]} 33. gxh5 {[%clk 0:00:38]}  gxh5 {[%clk 0:00:54]} 34. f4 {[%clk 0:00:33]}  Re4 {[%clk 0:00:48]} 35. Kf3 {[%clk 0:00:32]}  f5 {[%clk 0:00:49]} 36. Ra1 {[%clk 0:00:30]}  Rxe3+ {[%clk 0:00:47]} 37. Kg2 {[%clk 0:00:29]}  Re2+ {[%clk 0:00:45]} 38. Kg3 {[%clk 0:00:29]}  Re8 {[%clk 0:00:43]} 39. Kh4 {[%clk 0:00:24]}  Be3 {[%clk 0:00:38]} 40. Kg5 {[%clk 0:00:23]}  d5 {[%clk 0:00:34]} 41. Kxf5 {[%clk 0:00:17]}  d4 {[%clk 0:00:35]} 42. Rd1 {[%clk 0:00:16]}  Kg8 {[%clk 0:00:32]} 43. b4 {[%clk 0:00:15]}  Rf8+ {[%clk 0:00:32]} 44. Kg6 {[%clk 0:00:14]}  Bxf4 {[%clk 0:00:29]} 45. Rg7+ {[%clk 0:00:12]}  Kh8 {[%clk 0:00:30]} 46. Rh7+ {[%clk 0:00:11]}  Kg8 {[%clk 0:00:30]} 47. Rxd4 {[%clk 0:00:11]}  Be5 {[%clk 0:00:29]} 48. Rdd7 {[%clk 0:00:11]}  Rf6+ {[%clk 0:00:27]} 49. Kxh5 {[%clk 0:00:11]}  Rf3 {[%clk 0:00:27]} 50. Kg4 {[%clk 0:00:11]}  Rf4+ {[%clk 0:00:23]} 51. Kg5 {[%clk 0:00:10]}  Rxb4 {[%clk 0:00:24]} 52. Rhe7 {[%clk 0:00:09]}  Bf4+ {[%clk 0:00:20]} 53. Kf5 {[%clk 0:00:08]}  Kf8 {[%clk 0:00:20]} 54. Rf7+ {[%clk 0:00:08]}  Ke8 {[%clk 0:00:20]} 55. Rde7+ {[%clk 0:00:08]}  Kd8 {[%clk 0:00:21]} 56. Rb7 {[%clk 0:00:08]}  Kc8 {[%clk 0:00:19]} 57. h4 {[%clk 0:00:07]}  Bg3 {[%clk 0:00:14]} 58. h5 {[%clk 0:00:07]}  Rh4 {[%clk 0:00:14]} 59. Kg5 {[%clk 0:00:06]}  b4 {[%clk 0:00:15]} 60. Rbe7 {[%clk 0:00:05]}  Kd8 {[%clk 0:00:10]} 61. Ra7 {[%clk 0:00:05]}  Ke8 {[%clk 0:00:05]} 62. Rh7 {[%clk 0:00:05]} 1-0

[Event "April 9 Early 2024"]
[Site "Chess.com"]
[Date "2024.04.09"]
[Round "7"]
[White "Brodsky, David"]
[Black "Codrut-Constantin Florescu"]
[Result "1-0"]
[Board "102"]
[WhiteFideId "2073250"]
[BlackFideId "1202200"]
[WhiteTitle "GM"]
[BlackTitle "IM"]
[WhiteElo "2782"]
[BlackElo "2544"]
[WhiteTeam "USA"]
[BlackTeam "ROU"]
[WhiteClock "0:01:39"]
[BlackClock "0:01:53"]
[Variant "Standard"]

1. e4 {[%clk 0:03:00]}  c5 {[%clk 0:02:57]} 2. Nc3 {[%clk 0:03:01]}  e6 {[%clk 0:02:56]} 3. Nge2 {[%clk 0:02:55]}  a6 {[%clk 0:02:55]} 4. g3 {[%clk 0:02:56]}  b5 {[%clk 0:02:55]} 5. Bg2 {[%clk 0:02:56]}  Bb7 {[%clk 0:02:56]} 6. O-O {[%clk 0:02:57]}  Nf6 {[%clk 0:02:54]} 7. d4 {[%clk 0:02:56]}  cxd4 {[%clk 0:02:54]} 8. Nxd4 {[%clk 0:02:56]}  d6 {[%clk 0:02:54]} 9. Re1 {[%clk 0:02:55]}  Nbd7 {[%clk 0:02:47]} 10. a4 {[%clk 0:02:54]}  bxa4 {[%clk 0:02:46]} 11. Rxa4 {[%clk 0:02:20]}  Qc7 {[%clk 0:02:45]} 12. Nd5 {[%clk 0:02:15]}  exd5 {[%clk 0:02:39]} 13. exd5+ {[%clk 0:02:16]}  Ne5 {[%clk 0:02:40]} 14. f4 {[%clk 0:02:13]}  Nd7 {[%clk 0:02:34]} 15. Nc6 {[%clk 0:02:10]}  Nc5 {[%clk 0:02:20]} 16. fxe5 {[%clk 0:02:02]}  dxe5 {[%clk 0:02:16]} 17. Rxe5+ {[%clk 0:01:58]}  Qxe5 {[%clk 0:02:16]} 18. Nxe5 {[%clk 0:01:58]}  Nxa4 {[%clk 0:02:16]} 19. d6 {[%clk 0:01:49]}  Bxg2 {[%clk 0:01:53]} 20. Kxg2 {[%clk 0:01:39]} 1-0

[Event "April 9 Early 2024"]
[Site "Chess.com"]
[Date "2024.04.09"]
[Round "7"]
[White "Ezat, Mohamed"]
[Black "Leiva, Gianmarco"]
[Result "0-1"]
[Board "104"]
[WhiteFideId "10600906"]
[BlackFideId "3804399"]
[WhiteTitle "IM"]
[BlackTitle "IM"]
[WhiteElo "2537"]
[BlackElo "2775"]
[WhiteTeam "EGY"]
[BlackTeam "PER"]
[WhiteClock "0:00:27"]
[BlackClock "0:00:01"]
[Variant "Standard"]

1. d4 {[%clk 0:02:01]}  Nf6 {[%clk 0:02:52]} 2. c4 {[%clk 0:02:00]}  g6 {[%clk 0:02:50]} 3. Nc3 {[%clk 0:02:00]}  Bg7 {[%clk 0:02:51]} 4. e4 {[%clk 0:02:01]}  O-O {[%clk 0:02:51]} 5. Be2 {[%clk 0:02:01]}  d6 {[%clk 0:02:51]} 6. Bg5 {[%clk 0:02:02]}  c5 {[%clk 0:02:44]} 7. d5 {[%clk 0:02:02]}  e6 {[%clk 0:02:37]} 8. Qd2 {[%clk 0:02:02]}  exd5 {[%clk 0:02:35]} 9. exd5 {[%clk 0:02:02]}  Re8 {[%clk 0:02:31]} 10. Nf3 {[%clk 0:01:56]}  Qe7 {[%clk 0:01:47]} 11. O-O {[%clk 0:01:55]}  Qf8 {[%clk 0:01:48]} 12. Rae1 {[%clk 0:01:54]}  Nbd7 {[%clk 0:01:44]} 13. Bd3 {[%clk 0:01:53]}  h6 {[%clk 0:01:29]} 14. Bf4 {[%clk 0:01:52]}  Rxe1 {[%clk 0:01:21]} 15. Rxe1 {[%clk 0:01:51]}  Nh5 {[%clk 0:01:22]} 16. Nb5 {[%clk 0:01:50]}  Nxf4 {[%clk 0:01:19]} 17. Qxf4 {[%clk 0:01:50]}  Ne5 {[%clk 0:01:18]} 18. Nxe5 {[%clk 0:01:42]}  Bxe5 {[%clk 0:01:19]} 19. Rxe5 {[%clk 0:01:27]}  dxe5 {[%clk 0:01:18]} 20. Qxe5 {[%clk 0:01:23]}  Bd7 {[%clk 0:00:50]} 21. Nd6 {[%clk 0:01:18]}  f6 {[%clk 0:00:41]} 22. Qg3 {[%clk 0:01:16]}  g5 {[%clk 0:00:38]} 23. h4 {[%clk 0:01:16]}  b6 {[%clk 0:00:21]} 24. Bf5 {[%clk 0:01:00]}  Bxf5 {[%clk 0:00:09]} 25. Nxf5 {[%clk 0:01:00]}  Re8 {[%clk 0:00:09]} 26. Qc7 {[%clk 0:00:55]}  Re5 {[%clk 0:00:08]} 27. g4 {[%clk 0:00:52]}  gxh4 {[%clk 0:00:02]} 28. d6 {[%clk 0:00:52]}  Re1+ {[%clk 0:00:01]} 29. Kh2 {[%clk 0:00:50]}  Rd1 {[%clk 0:00:02]} 30. d7 {[%clk 0:00:45]}  Rd2 {[%clk 0:00:02]} 31. Kg2 {[%clk 0:00:34]}  a5 {[%clk 0:00:02]} 32. a4 {[%clk 0:00:32]}  Qa8+ {[%clk 0:00:01]} 33. Kf1 {[%clk 0:00:27]}  Qh1# {[%clk 0:00:01]} 0-1

[Event "April 9 Early 2024"]
[Site "Chess.com"]
[Date "2024.04.09"]
[Round "7"]
[White "Sai Han Thiha"]
[Black "Nigalidze, Gaioz"]
[Result "0-1"]
[Board "109"]
[WhiteFideId "13012290"]
[BlackFideId "13603078"]
[WhiteTitle "FM"]
[BlackTitle "IM"]
[WhiteElo "2518"]
[BlackElo "2713"]
[WhiteTeam "MYA"]
[BlackTeam "GEO"]
[WhiteClock "0:00:00"]
[BlackClock "0:01:32"]
[Variant "Standard"]

1. Nf3 {[%clk 0:03:00]}  d5 {[%clk 0:02:58]} 2. g3 {[%clk 0:03:01]}  c5 {[%clk 0:02:58]} 3. Bg2 {[%clk 0:03:01]}  Nc6 {[%clk 0:02:59]} 4. d4 {[%clk 0:03:02]}  Nf6 {[%clk 0:02:58]} 5. O-O {[%clk 0:03:02]}  e6 {[%clk 0:02:58]} 6. c4 {[%clk 0:03:02]}  cxd4 {[%clk 0:02:59]} 7. Nxd4 {[%clk 0:03:02]}  Be7 {[%clk 0:02:59]} 8. Nc3 {[%clk 0:03:02]}  O-O {[%clk 0:02:59]} 9. Bf4 {[%clk 0:03:02]}  a6 {[%clk 0:02:53]} 10. Rc1 {[%clk 0:02:57]}  Nh5 {[%clk 0:02:53]} 11. Be3 {[%clk 0:02:51]}  Nf6 {[%clk 0:02:50]} 12. Bf4 {[%clk 0:02:46]}  Nh5 {[%clk 0:02:49]} 13. Be3 {[%clk 0:02:46]}  Nf6 {[%clk 0:02:49]} 14. cxd5 {[%clk 0:02:46]}  exd5 {[%clk 0:02:49]} 15. Nxc6 {[%clk 0:02:46]}  bxc6 {[%clk 0:02:49]} 16. Na4 {[%clk 0:02:46]}  Bd7 {[%clk 0:02:47]} 17. Bc5 {[%clk 0:02:01]}  Re8 {[%clk 0:02:47]} 18. Qd4 {[%clk 0:01:53]}  Rb8 {[%clk 0:02:44]} 19. e3 {[%clk 0:01:43]}  Rb5 {[%clk 0:02:34]} 20. Rfd1 {[%clk 0:01:32]}  Bg4 {[%clk 0:02:34]} 21. f3 {[%clk 0:01:29]}  Bd7 {[%clk 0:02:31]} 22. Bf1 {[%clk 0:01:29]}  Rb8 {[%clk 0:02:30]} 23. Bxa6 {[%clk 0:01:26]}  Qc7 {[%clk 0:02:29]} 24. Bf1 {[%clk 0:01:09]}  Qa5 {[%clk 0:02:28]} 25. a3 {[%clk 0:00:52]}  h6 {[%clk 0:02:26]} 26. g4 {[%clk 0:00:49]}  Bd8 {[%clk 0:02:18]} 27. Rc2 {[%clk 0:00:40]}  Ne4 {[%clk 0:02:17]} 28. Rdc1 {[%clk 0:00:11]}  Bf6 {[%clk 0:02:13]} 29. Qd1 {[%clk 0:00:08]}  Qxa4 {[%clk 0:02:12]} 30. fxe4 {[%clk 0:00:08]}  Rxe4 {[%clk 0:02:08]} 31. h3 {[%clk 0:00:08]}  Rb3 {[%clk 0:01:54]} 32. Bg2 {[%clk 0:00:08]}  Re8 {[%clk 0:01:48]} 33. Rf2 {[%clk 0:00:09]}  Qb5 {[%clk 0:01:35]} 34. Rxf6 {[%clk 0:00:09]}  gxf6 {[%clk 0:01:35]} 35. Bd4 {[%clk 0:00:00]}  Rxb2 {[%clk 0:01:32]} 0-1

[Event "April 9 Early 2024"]
[Site "Chess.com"]
[Date "2024.04.09"]
[Round "7"]
[White "Adireddy Arjun"]
[Black "Liu, Yi"]
[Result "1-0"]
[Board "112"]
[WhiteFideId "25647709"]
[BlackFideId "3210588"]
[WhiteTitle "FM"]
[BlackTitle "FM"]
[WhiteElo "2661"]
[BlackElo "2511"]
[WhiteTeam "IND"]
[BlackTeam "AUS"]
[WhiteClock "0:00:38"]
[BlackClock "0:00:02"]
[Variant "Standard"]

1. e4 {[%clk 0:03:00]}  e6 {[%clk 0:03:00]} 2. d4 {[%clk 0:02:57]}  d5 {[%clk 0:03:01]} 3. Nc3 {[%clk 0:02:58]}  Nf6 {[%clk 0:03:01]} 4. Bg5 {[%clk 0:02:57]}  Bb4 {[%clk 0:02:59]} 5. e5 {[%clk 0:02:56]}  h6 {[%clk 0:02:59]} 6. Bc1 {[%clk 0:02:53]}  Ne4 {[%clk 0:02:59]} 7. Ne2 {[%clk 0:02:44]}  c5 {[%clk 0:02:45]} 8. a3 {[%clk 0:02:40]}  Nxc3 {[%clk 0:02:45]} 9. bxc3 {[%clk 0:02:41]}  Ba5 {[%clk 0:02:46]} 10. Bd2 {[%clk 0:02:33]}  Nc6 {[%clk 0:02:28]} 11. g3 {[%clk 0:02:31]}  b6 {[%clk 0:02:14]} 12. c4 {[%clk 0:02:20]}  Bxd2+ {[%clk 0:01:35]} 13. Qxd2 {[%clk 0:02:21]}  cxd4 {[%clk 0:01:35]} 14. Bg2 {[%clk 0:02:19]}  O-O {[%clk 0:01:24]} 15. O-O {[%clk 0:02:06]}  Ba6 {[%clk 0:01:21]} 16. cxd5 {[%clk 0:02:00]}  exd5 {[%clk 0:01:22]} 17. Rfd1 {[%clk 0:01:58]}  Nxe5 {[%clk 0:00:49]} 18. Nxd4 {[%clk 0:01:56]}  Rc8 {[%clk 0:00:46]} 19. Nf5 {[%clk 0:01:37]}  Qf6 {[%clk 0:00:40]} 20. Ne3 {[%clk 0:01:37]}  Rfd8 {[%clk 0:00:23]} 21. Nxd5 {[%clk 0:01:24]}  Nf3+ {[%clk 0:00:23]} 22. Bxf3 {[%clk 0:01:23]}  Qxf3 {[%clk 0:00:24]} 23. Qe3 {[%clk 0:01:16]}  Qxe3 {[%clk 0:00:19]} 24. Nxe3 {[%clk 0:01:17]}  Kf8 {[%clk 0:00:15]} 25. f3 {[%clk 0:01:11]}  Rxd1+ {[%clk 0:00:13]} 26. Rxd1 {[%clk 0:01:10]}  Be2 {[%clk 0:00:11]} 27. Rd7 {[%clk 0:01:10]}  Bxf3 {[%clk 0:00:11]} 28. Rxa7 {[%clk 0:01:11]}  Ra8 {[%clk 0:00:11]} 29. Rxa8+ {[%clk 0:01:07]}  Bxa8 {[%clk 0:00:12]} 30. Nc4 {[%clk 0:01:05]}  b5 {[%clk 0:00:10]} 31. Nd6 {[%clk 0:01:05]}  Bc6 {[%clk 0:00:10]} 32. Nf5 {[%clk 0:01:05]}  g6 {[%clk 0:00:07]} 33. Nxh6 {[%clk 0:00:49]}  f5 {[%clk 0:00:06]} 34. g4 {[%clk 0:00:47]}  Kg7 {[%clk 0:00:03]} 35. g5 {[%clk 0:00:46]}  Bd5 {[%clk 0:00:02]} 36. Kf2 {[%clk 0:00:46]}  Kf8 {[%clk 0:00:03]} 37. Ke3 {[%clk 0:00:45]}  Ke7 {[%clk 0:00:03]} 38. Kd4 {[%clk 0:00:42]}  Kd6 {[%clk 0:00:04]} 39. h4 {[%clk 0:00:39]}  Be6 {[%clk 0:00:04]} 40. c3 {[%clk 0:00:37]}  Bd5 {[%clk 0:00:02]} 41. h5 {[%clk 0:00:37]}  gxh5 {[%clk 0:00:02]} 42. Nxf5+ {[%clk 0:00:37]}  Ke6 {[%clk 0:00:03]} 43. Ng7+ {[%clk 0:00:38]}  Kf7 {[%clk 0:00:04]} 44. Nxh5 {[%clk 0:00:38]}  Bc4 {[%clk 0:00:02]} 45. Nf4 {[%clk 0:00:38]} 1-0

[Event "April 9 Early 2024"]
[Site "Chess.com"]
[Date "2024.04.09"]
[Round "7"]
[White "Crevatin, Leo"]
[Black "Gutierrez Olivares, Daniel"]
[Result "1/2-1/2"]
[Board "113"]
[WhiteFideId "1726307"]
[BlackFideId "2264005"]
[WhiteTitle "FM"]
[BlackTitle "FM"]
[WhiteElo "2657"]
[BlackElo "2494"]
[WhiteTeam "SWE"]
[BlackTeam "ESP"]
[WhiteClock "0:00:05"]
[BlackClock "0:00:25"]
[Variant "Standard"]

1. e4 {[%clk 0:03:00]}  e6 {[%clk 0:02:46]} 2. d4 {[%clk 0:03:00]}  d5 {[%clk 0:02:46]} 3. e5 {[%clk 0:03:01]}  c5 {[%clk 0:02:46]} 4. c3 {[%clk 0:03:02]}  Nc6 {[%clk 0:02:47]} 5. Nf3 {[%clk 0:03:02]}  Bd7 {[%clk 0:02:48]} 6. Be2 {[%clk 0:03:03]}  Nge7 {[%clk 0:02:48]} 7. Na3 {[%clk 0:03:01]}  cxd4 {[%clk 0:02:47]} 8. cxd4 {[%clk 0:03:01]}  Nf5 {[%clk 0:02:48]} 9. Nc2 {[%clk 0:03:02]}  Be7 {[%clk 0:02:48]} 10. O-O {[%clk 0:03:01]}  Rc8 {[%clk 0:02:47]} 11. Bd3 {[%clk 0:03:00]}  O-O {[%clk 0:02:42]} 12. Bxf5 {[%clk 0:02:58]}  exf5 {[%clk 0:02:42]} 13. Re1 {[%clk 0:02:48]}  Be6 {[%clk 0:02:30]} 14. Nd2 {[%clk 0:02:33]}  Qc7 {[%clk 0:02:24]} 15. Nf1 {[%clk 0:02:24]}  Nxe5 {[%clk 0:02:20]} 16. Rxe5 {[%clk 0:02:19]}  Qxc2 {[%clk 0:02:17]} 17. Qxc2 {[%clk 0:02:18]}  Rxc2 {[%clk 0:02:17]} 18. Ne3 {[%clk 0:02:19]}  Rc6 {[%clk 0:01:44]} 19. Nxd5 {[%clk 0:01:37]}  Bd6 {[%clk 0:01:37]} 20. Be3 {[%clk 0:01:32]}  Bxe5 {[%clk 0:01:34]} 21. Ne7+ {[%clk 0:01:32]}  Kh8 {[%clk 0:01:27]} 22. Nxc6 {[%clk 0:01:32]}  bxc6 {[%clk 0:01:27]} 23. dxe5 {[%clk 0:01:32]}  Rb8 {[%clk 0:01:23]} 24. b3 {[%clk 0:01:29]}  a5 {[%clk 0:01:22]} 25. Bd2 {[%clk 0:01:27]}  Rb5 {[%clk 0:01:19]} 26. f4 {[%clk 0:01:19]}  Bd5 {[%clk 0:01:11]} 27. Kf2 {[%clk 0:01:11]}  Kg8 {[%clk 0:01:09]} 28. g3 {[%clk 0:01:11]}  Kf8 {[%clk 0:01:09]} 29. a4 {[%clk 0:00:58]}  Rxb3 {[%clk 0:00:58]} 30. Bxa5 {[%clk 0:00:58]}  Ke7 {[%clk 0:00:56]} 31. Bc7 {[%clk 0:00:47]}  Kd7 {[%clk 0:00:51]} 32. Bd6 {[%clk 0:00:47]}  Kc8 {[%clk 0:00:48]} 33. a5 {[%clk 0:00:46]}  Rb2+ {[%clk 0:00:44]} 34. Ke3 {[%clk 0:00:46]}  Ra2 {[%clk 0:00:43]} 35. Rxa2 {[%clk 0:00:44]}  Bxa2 {[%clk 0:00:43]} 36. a6 {[%clk 0:00:41]}  Bc4 {[%clk 0:00:38]} 37. a7 {[%clk 0:00:41]}  Kb7 {[%clk 0:00:39]} 38. Kd4 {[%clk 0:00:41]}  Bd5 {[%clk 0:00:36]} 39. Bc5 {[%clk 0:00:31]}  g6 {[%clk 0:00:35]} 40. Bb6 {[%clk 0:00:23]}  h5 {[%clk 0:00:35]} 41. Kc5 {[%clk 0:00:23]}  Be6 {[%clk 0:00:33]} 42. Kd6 {[%clk 0:00:21]}  Bd5 {[%clk 0:00:33]} 43. Bc5 {[%clk 0:00:20]}  Be6 {[%clk 0:00:33]} 44. Ke7 {[%clk 0:00:18]}  Bd5 {[%clk 0:00:33]} 45. Kf6 {[%clk 0:00:16]}  Be6 {[%clk 0:00:33]} 46. Kg5 {[%clk 0:00:15]}  Bc8 {[%clk 0:00:33]} 47. h3 {[%clk 0:00:14]}  Be6 {[%clk 0:00:32]} 48. Kf6 {[%clk 0:00:13]}  Bd5 {[%clk 0:00:26]} 49. Kg7 {[%clk 0:00:12]}  Be6 {[%clk 0:00:25]} 50. Kh6 {[%clk 0:00:12]}  Bd5 {[%clk 0:00:25]} 51. Kg5 {[%clk 0:00:09]}  Be6 {[%clk 0:00:25]} 52. Bf2 {[%clk 0:00:10]}  Bd7 {[%clk 0:00:24]} 53. Kf6 {[%clk 0:00:05]}  Be6 {[%clk 0:00:24]} 54. Bg1 {[%clk 0:00:06]}  Ka8 {[%clk 0:00:23]} 55. Bc5 {[%clk 0:00:05]}  Kb7 {[%clk 0:00:23]} 56. Kg5 {[%clk 0:00:05]}  Bd5 {[%clk 0:00:24]} 57. g4 {[%clk 0:00:05]}  hxg4 {[%clk 0:00:23]} 58. hxg4 {[%clk 0:00:06]}  fxg4 {[%clk 0:00:24]} 59. Kxg4 {[%clk 0:00:06]}  Be6+ {[%clk 0:00:25]} 60. Kg5 {[%clk 0:00:07]}  Bd5 {[%clk 0:00:25]} 61. Kf6 {[%clk 0:00:06]}  Be6 {[%clk 0:00:24]} 62. Kg5 {[%clk 0:00:06]}  Bf5 {[%clk 0:00:24]} 63. Kf6 {[%clk 0:00:05]}  Be6 {[%clk 0:00:25]} 64. Ke7 {[%clk 0:00:06]}  Ka8 {[%clk 0:00:26]} 65. Kd6 {[%clk 0:00:06]}  Bd5 {[%clk 0:00:26]} 66. Kd7 {[%clk 0:00:05]}  Kb7 {[%clk 0:00:25]} 67. Kd6 {[%clk 0:00:05]}  Be4 {[%clk 0:00:25]} 68. Ke7 {[%clk 0:00:05]}  Bd5 {[%clk 0:00:25]} 69. Kf6 {[%clk 0:00:05]}  Be6 {[%clk 0:00:25]} 1/2-1/2

[Event "April 9 Early 2024"]
[Site "Chess.com"]
[Date "2024.04.09"]
[Round "7"]
[White "Rogov, Matfey"]
[Black "Estrada Nieto, Julian"]
[Result "1/2-1/2"]
[Board "116"]
[WhiteFideId "44191308"]
[BlackFideId "5101018"]
[WhiteTitle "CM"]
[BlackTitle "IM"]
[WhiteElo "2633"]
[BlackElo "2474"]
[WhiteTeam "RUS"]
[BlackTeam "MEX"]
[WhiteClock "0:00:06"]
[BlackClock "0:00:09"]
[Variant "Standard"]

1. e4 {[%clk 0:03:00]}  e5 {[%clk 0:02:22]} 2. Nf3 {[%clk 0:02:53]}  Nc6 {[%clk 0:02:22]} 3. c3 {[%clk 0:02:54]}  Nf6 {[%clk 0:02:21]} 4. d4 {[%clk 0:02:53]}  Nxe4 {[%clk 0:02:21]} 5. d5 {[%clk 0:02:54]}  Ne7 {[%clk 0:02:21]} 6. Nxe5 {[%clk 0:02:51]}  Ng6 {[%clk 0:02:21]} 7. Bd3 {[%clk 0:02:46]}  Nxe5 {[%clk 0:02:13]} 8. Bxe4 {[%clk 0:02:46]}  Bc5 {[%clk 0:02:09]} 9. O-O {[%clk 0:02:42]}  O-O {[%clk 0:02:06]} 10. Bxh7+ {[%clk 0:02:30]}  Kxh7 {[%clk 0:02:06]} 11. Qh5+ {[%clk 0:02:30]}  Kg8 {[%clk 0:02:06]} 12. Qxe5 {[%clk 0:02:31]}  Re8 {[%clk 0:02:04]} 13. Qg3 {[%clk 0:02:29]}  Qe7 {[%clk 0:01:55]} 14. Bg5 {[%clk 0:02:17]}  f6 {[%clk 0:01:52]} 15. Bf4 {[%clk 0:02:16]}  d6 {[%clk 0:01:48]} 16. Nd2 {[%clk 0:02:15]}  Bf5 {[%clk 0:01:45]} 17. h4 {[%clk 0:02:11]}  Kh7 {[%clk 0:01:44]} 18. Nc4 {[%clk 0:02:03]}  b5 {[%clk 0:01:15]} 19. Ne3 {[%clk 0:01:57]}  Bg6 {[%clk 0:01:03]} 20. Rae1 {[%clk 0:01:53]}  Qe4 {[%clk 0:01:01]} 21. Rd1 {[%clk 0:01:33]}  Bf7 {[%clk 0:00:57]} 22. Rfe1 {[%clk 0:01:25]}  Qg6 {[%clk 0:00:49]} 23. Qh3 {[%clk 0:01:16]}  Re7 {[%clk 0:00:36]} 24. Kh2 {[%clk 0:01:02]}  Rae8 {[%clk 0:00:35]} 25. g4 {[%clk 0:01:00]}  Bxe3 {[%clk 0:00:26]} 26. fxe3 {[%clk 0:01:01]}  Qe4 {[%clk 0:00:24]} 27. Qg2 {[%clk 0:00:50]}  a5 {[%clk 0:00:13]} 28. Rd4 {[%clk 0:00:45]}  Qxg2+ {[%clk 0:00:12]} 29. Kxg2 {[%clk 0:00:46]}  Re4 {[%clk 0:00:12]} 30. Red1 {[%clk 0:00:40]}  Rxd4 {[%clk 0:00:11]} 31. Rxd4 {[%clk 0:00:41]}  a4 {[%clk 0:00:11]} 32. Kf2 {[%clk 0:00:37]}  Bg6 {[%clk 0:00:11]} 33. Rb4 {[%clk 0:00:36]}  Rb8 {[%clk 0:00:10]} 34. c4 {[%clk 0:00:37]}  Bd3 {[%clk 0:00:09]} 35. cxb5 {[%clk 0:00:32]}  Rxb5 {[%clk 0:00:09]} 36. Rxb5 {[%clk 0:00:27]}  Bxb5 {[%clk 0:00:10]} 37. b3 {[%clk 0:00:25]}  axb3 {[%clk 0:00:09]} 38. axb3 {[%clk 0:00:26]}  Bd3 {[%clk 0:00:09]} 39. Kf3 {[%clk 0:00:19]}  Kg6 {[%clk 0:00:09]} 40. b4 {[%clk 0:00:17]}  Kf7 {[%clk 0:00:09]} 41. h5 {[%clk 0:00:18]}  Bc4 {[%clk 0:00:09]} 42. e4 {[%clk 0:00:18]}  Bb3 {[%clk 0:00:09]} 43. Ke3 {[%clk 0:00:18]}  Bc2 {[%clk 0:00:09]} 44. g5 {[%clk 0:00:16]}  fxg5 {[%clk 0:00:08]} 45. Bxg5 {[%clk 0:00:17]}  Ke8 {[%clk 0:00:07]} 46. Kd4 {[%clk 0:00:17]}  Bd1 {[%clk 0:00:07]} 47. h6 {[%clk 0:00:13]}  gxh6 {[%clk 0:00:07]} 48. Bxh6 {[%clk 0:00:14]}  Kd7 {[%clk 0:00:08]} 49. Bf4 {[%clk 0:00:13]}  Bf3 {[%clk 0:00:08]} 50. Bg3 {[%clk 0:00:11]}  Bg2 {[%clk 0:00:08]} 51. Ke3 {[%clk 0:00:10]}  Bf1 {[%clk 0:00:08]} 52. Kf4 {[%clk 0:00:08]}  Bg2 {[%clk 0:00:07]} 53. Bf2 {[%clk 0:00:08]}  Bf1 {[%clk 0:00:07]} 54. Bd4 {[%clk 0:00:07]}  Bc4 {[%clk 0:00:07]} 55. Kf5 {[%clk 0:00:07]}  Bd3 {[%clk 0:00:07]} 56. Be3 {[%clk 0:00:06]}  Bc2 {[%clk 0:00:06]} 57. Kf4 {[%clk 0:00:06]}  Bd3 {[%clk 0:00:07]} 58. e5 {[%clk 0:00:07]}  dxe5+ {[%clk 0:00:07]} 59. Kxe5 {[%clk 0:00:08]}  Bc4 {[%clk 0:00:08]} 60. Bc5 {[%clk 0:00:07]}  Bb5 {[%clk 0:00:08]} 61. Kd4 {[%clk 0:00:07]}  Ba4 {[%clk 0:00:08]} 62. Bf8 {[%clk 0:00:08]}  Bb5 {[%clk 0:00:08]} 63. Kc5 {[%clk 0:00:08]}  Ba4 {[%clk 0:00:09]} 64. b5 {[%clk 0:00:09]}  Bb3 {[%clk 0:00:09]} 65. Bg7 {[%clk 0:00:08]}  Bc2 {[%clk 0:00:08]} 66. Be5 {[%clk 0:00:09]}  Be4 {[%clk 0:00:08]} 67. Kd4 {[%clk 0:00:08]}  Bf3 {[%clk 0:00:08]} 68. Bf4 {[%clk 0:00:08]}  Bg2 {[%clk 0:00:08]} 69. Kc5 {[%clk 0:00:09]}  Bf3 {[%clk 0:00:08]} 70. Bg5 {[%clk 0:00:06]}  Be2 {[%clk 0:00:07]} 71. Bh4 {[%clk 0:00:04]}  Bf3 {[%clk 0:00:07]} 72. Kd4 {[%clk 0:00:03]}  Be2 {[%clk 0:00:08]} 73. Kc5 {[%clk 0:00:04]}  Bf3 {[%clk 0:00:08]} 74. Bg3 {[%clk 0:00:04]}  Be2 {[%clk 0:00:08]} 75. Kb4 {[%clk 0:00:03]}  Bf3 {[%clk 0:00:08]} 76. Kc4 {[%clk 0:00:04]}  Be2+ {[%clk 0:00:08]} 77. Kc5 {[%clk 0:00:05]}  Bf3 {[%clk 0:00:08]} 78. Kd4 {[%clk 0:00:04]}  Be2 {[%clk 0:00:08]} 79. Kc5 {[%clk 0:00:04]}  Bf3 {[%clk 0:00:09]} 80. Be5 {[%clk 0:00:04]}  Be2 {[%clk 0:00:09]} 81. Bxc7 {[%clk 0:00:04]}  Kxc7 {[%clk 0:00:08]} 82. b6+ {[%clk 0:00:05]}  Kb7 {[%clk 0:00:08]} 83. Kd6 {[%clk 0:00:04]}  Bg4 {[%clk 0:00:09]} 84. Ke5 {[%clk 0:00:04]}  Kxb6 {[%clk 0:00:09]} 85. Kf4 {[%clk 0:00:05]}  Bc8 {[%clk 0:00:09]} 86. d6 {[%clk 0:00:05]}  Kc6 {[%clk 0:00:09]} 87. d7 {[%clk 0:00:06]}  Kxd7 {[%clk 0:00:09]} 1/2-1/2